000 00289 a2200145 4500
001 169024
020 _a
040 _cMagnum
100 _aBarral I Altet, Xavier
240 1 0 _aHistoria da arte
_lpor
245 1 0 _aHistoria da arte
362 0 _a1899
697 _aARTES
942 _cBK
999 _c169024
_d169024